000 00588nam a22001457a 4500
020 _a978-81-264-183-36
082 _a894.812.3
_bBAS/D
100 _aBASHEER
245 _aDHARMARAJYAM
260 _aKOTTAYAM
_bDC BOOKS
_c2007
300 _a100
520 _aDharmarajyam is a collection of essays written by Malayalam language writer Vaikom Muhammad Basheer. These politically charged essays were written against the policies of the then Diwan of Travancore Sir C. P. Ramaswami Iyer. The book was published in 1938 and was Basheer's first published book.
650 _aNOVEL
942 _cBK
999 _c4822
_d4822